| 000 | 00827cam a2200253 a 4500 | ||
|---|---|---|---|
| 001 | 4207463 | ||
| 003 | OSt | ||
| 005 | 20140310181630.0 | ||
| 008 | 820325s1982 dcua b 001 0 eng | ||
| 010 | _a 81048073 | ||
| 020 |
_a0870444123 : _c$6.95 |
||
| 020 |
_z0870444124 (lib. bdg.) : _c$8.50 |
||
| 040 |
_aDLC _cDLC _dDLC |
||
| 050 | 0 | 0 |
_aG 465 _b.Se39 1988 |
| 082 | 0 | 0 |
_aHS 990 _bN213 1982 |
| 245 | 0 | 0 |
_aSecret corners of the world / _cSpecial Publications Division, National Geographic Society |
| 260 |
_aWashington, D.C. : _bThe Society, _cc1982. |
||
| 300 |
_a196 p. : _bcol. ill. ; _c26 cm. |
||
| 650 | 0 |
_aVoyages and travels. _912978 |
|
| 710 | 2 |
_aNational Geographic Society (U.S.). _bSpecial Publications Division. _915252 |
|
| 906 |
_a7 _bcbc _corignew _d1 _eocip _f19 _gy-gencatlg |
||
| 942 |
_2lcc _cHS |
||
| 999 |
_c489 _d489 |
||